000 00703nam a2200193 i 4500
001 150383
003 ES-MaACL
005 20230906203504.0
007 t|
008 071030m19551963sp ||||1| spa d
245 0 0 _aEnciclopedia Salvat de Ciencias médicas /
_cdirigida por J. Valero-Ribas.
250 _a[1ª ed.].
260 _aBarcelona :
_bSalvat,
_c1955-63.
300 _a6 v. :
_bil. ;
_c27 cm.
505 8 _aContiene: I. A-Cla.- 7 hoj. + 1044 pág. + 5 lám. II.- Cler F.- 4 hoj. + 994 pág. III. G-NET.- 3 hoj. + 1038 pág. IV. NEU-R V. S-Z.- Apendice
650 4 _aMedicina-
_vEnciclopedias.
_914899
700 1 _aValero-Ribas, J.
_9112678
852 _aES-MaACL
_jC-16847-51 bis
_bR.44598
999 _c150383
_d150383